书目信息 |
| 题名: |
产业园创新设计
|
|
| 作者: | 孔亚暐 , 张晓峰 著 | |
| 分册: | ||
| 出版信息: | 北京 中国建筑工业出版社 2018.12 |
|
| 页数: | 153页 | |
| 开本: | 23cm | |
| 丛书名: | ||
| 单 册: | ||
| 中图分类: | TU27 | |
| 科图分类: | ||
| 主题词: | 工业建筑--建筑设计 | |
| 电子资源: | ||
| ISBN: | 978-7-112-22814-0 | |
| 000 | 00792nam0 2200217 450 | |
| 001 | 1935957601 | |
| 005 | 20190311100914.03 | |
| 010 | @a978-7-112-22814-0@dCNY98.00 | |
| 100 | @a20190311d2018 km y0chiy0120 ea | |
| 101 | 0 | @achi |
| 102 | @aCN@b110000 | |
| 200 | 1 | @a产业园创新设计@AChan Ye Yuan Chuang Xin She Ji@e创新共享圈概念解读与实践应用@f孔亚暐,张晓峰著@FKong Ya Wei,Zhang Xiao Feng Zhu |
| 210 | @a北京@c中国建筑工业出版社@d2018.12 | |
| 215 | @a153页@d23cm | |
| 517 | 1 | @a创新共享圈概念解读与实践应用@AChuang Xin Gong Xiang Quan Gai Nian Jie Du Yu Shi Jian Ying Yong |
| 606 | 0 | @a工业建筑@x建筑设计 |
| 690 | @aTU27@v4 | |
| 701 | 0 | @a孔亚暐@AKong Ya Wei@4著 |
| 701 | 0 | @a张晓峰@AZhang Xiao Feng@4著 |
| 801 | 0 | @aCN@b大连网信软件有限公司图书馆·11@c20190311 |
| 905 | @aZUCC@dTU27@eK787 | |
| 产业园创新设计:创新共享圈概念解读与实践应用/孔亚暐,张晓峰著.-北京:中国建筑工业出版社,2018.12 |
| 153页;23cm |
| ISBN 978-7-112-22814-0:CNY98.00 |
| ● |
| 相关链接 |
|
|
|
正题名:产业园创新设计
索取号:TU27/K787
 
预约/预借
| 序号 | 登录号 | 条形码 | 馆藏地/架位号 | 状态 | 备注 |
| 1 | 1243864 | 212438646 | 建筑库101/101建筑库 72排3列5层/ [索取号:TU27/K787] | 在馆 |